000 00882nam a22002897a 4500
001 9967
003 FISKH
005 20260320083903.0
008 260320b cb ||||| |||| 00| 0 eng d
020 _a0590089072
040 _aFISKH
_beng
_cFISKH
_dFISKH
050 _aPZ8.3 .B425 .M
082 _a823
100 _aBemelmans, Ludwig
_eAuthor
245 _aMadeline /
_cby Ludwig Bemelmans
260 _aNew York :
_bScholastic Inc. ,
_c1939
300 _a44 unnumbered pages :
_bcolor illustrations ;
_c23 cm
490 _aMadeline :
_v1
505 _aP
520 _aMadeline, smallest and naughtiest of the twelve little charges of Miss Clavel, wakes up one night with an attack of appendicitis.
521 8 _a630
_bLexile AD
521 8 _aP
_bRaz-Plus
650 _aFrance
_vFriendship
650 _aGirls
_vHospital
942 _2ddc
_cBK
_n0
999 _c9967
_d9967